Guess the Taylor Swift Song by first lyric (Folklore) - Statistics

General Stats
  • This quiz has been taken 140 times
  • The average score is 16 of 17
Answer Stats
Hint Answer % Correct
Vintage tee, brand new phone, High heels on cobblestones Cardigan
100%
I want you to know, I'm a ________, I'll show you every version of yourself tonight Mirrorball
97%
Rebekah rode up on the afternoon train, It was sunny, Her saltbox house on the coast The Last Great American Dynasty
97%
Salt air, and the rust on your door, I never needed anything more, Whispers of "Are you sure?" August
96%
Please picture me, In the trees, I hit my peak at _____ feet, In the swing, Over the creek Seven
96%
I won't make assumptions, About why you switched your homeroom but, I think it's 'cause of me Betty
95%
I can see you standing, honey, With his arms around your body, Laughin', but the joke's not funny at all Exile
95%
Make sure nobody sees you leave, Hood over your head, keep your eyes down Illicit Affairs
94%
I'm doing good, I'm on some new shit, Been saying "yes" instead of "no" The 1
94%
Green was the color of the grass, Where I used to read at Centennial Park Invisible String
91%
I've been having a hard time adjusting, I had the shiniest wheels, now they're rusting This is Me Trying
90%
We gather here, we line up, Weepin' in a sunlit room, and, If I'm on fire, you'll be made of ashes too My Tears Ricochet
89%
My only one, My smoking gun, My eclipsed sun, This has broken me down Hoax
88%
What did you think I'd say to that?, Does a scorpion sting when fighting back? Mad Woman
86%
Is it romantic how all my elegies eulogize me?, I'm not cut out for all these cynical clones The Lakes
86%
Our coming-of-age has come and gone, Suddenly the summer, it's clear, I never had the courage of my convictions Peace
84%
Keep your helmet, keep your life, son, Just a flesh wound, here's your rifle Epiphany
83%
No matching quizzes found
Score Distribution
Percent of People with Each Score
Percentile by Number Answered
Your Score History
You have not taken this quiz